El crepúsculo de las ideologías
-д хадгалсан:
| Үндсэн зохиолч: | |
|---|---|
| Формат: | Ном |
| Хэл сонгох: | испани |
| Хэвлэсэн: |
Buenos Aires
Andina
1970
|
| Хэвлэл: | 4a. ed |
| Нөхцлүүд: | |
| Шошгууд: |
Шошго нэмэх
Шошго байхгүй, Энэхүү баримтыг шошголох эхний хүн болох!
|
MARC
| LEADER | 00000nam a2200000 a 4500 | ||
|---|---|---|---|
| 001 | UCP5907 | ||
| 003 | CL-VaPUC | ||
| 008 | 991001e19700000AG |||||||||||||||||spa|d | ||
| 082 | 0 | 4 | |a 320.5 |b FER |2 21 |
| 100 | 0 | |a Fernández de la Mora, Gonzalo |e author |9 434555 | |
| 245 | 1 | 3 | |a El crepúsculo de las ideologías |
| 250 | |a 4a. ed | ||
| 300 | |a 139 p | ||
| 942 | |c BK | ||
| 945 | |d 19991001 00:00:00 |a crobeson | ||
| 260 | |a Buenos Aires |b Andina |c 1970 | ||
| 650 | 0 | |a Ideologías políticas |9 255735 | |
| 650 | 7 | |a IDEOLOGIAS RELIGIOSAS |2 CL-VaPUC |9 399823 | |
| 650 | 0 | |a Ciencias Políticas |9 255201 | |
| 650 | 7 | |a SISTEMAS POLITICOS |2 CL-VaPUC |9 434556 | |
| 650 | 0 | |a Desarrollo social |9 264534 | |
| 583 | |a last modification |c 19991001 00:00:00 |k Rodrigo Vera | ||
| 999 | |c 283544 |d 283542 | ||
| 952 | |0 0 |1 0 |4 0 |6 320_500000000000000_FER_1970 |7 0 |8 A |9 326797 |a BIBHIS |b BIBHIS |d 2019-11-20 |i 1357824 |o 320.5 FER 1970 |p 1357824 |r 2025-01-20 |w 2019-11-20 |y BK |k HIS | ||